000 00623cam a2200217 4500500
005 20260405002422.0
041 _afre
042 _adc
100 1 0 _aTenaillon, Nicolas
_eauthor
245 0 0 _aLe Triomphe de l’artiste
260 _c2017.
500 _a45
690 _aBien
690 _aCatherine Portevin
690 _aFormalisme
690 _aHommage
690 _aHumanisme
690 _aTzvetan Todorov
786 0 _nPhilosophie magazine | 108 | 4 | 2017-04-01 | p. 58-61 | 1951-1787
856 4 1 _uhttps://shs.cairn.info/magazine-philosophie-magazine-2017-4-page-58?lang=fr&redirect-ssocas=7080
999 _c2057491
_d2057491